| 000 | 00818nam a22001817a 4500 | ||
|---|---|---|---|
| 999 |
_c64167 _d64167 |
||
| 003 | Ge_BSU | ||
| 005 | 20260424102054.0 | ||
| 008 | 260424s1976 ge ||||| |||| 00| 0 geo d | ||
| 041 | _ageo | ||
| 080 | _a338(479.22) მ-74 | ||
| 100 |
_aმიქელაძე, ირაკლი _94712 |
||
| 245 |
_aსაქართველოს სოციალისტური მრეწველობის ეკონომიკის საკითხები / _cირაკლი მიქელაძე. |
||
| 264 |
_aთბილისი : _bთბილ. უნ-ტის გამ-ბა, _c1976. |
||
| 300 |
_a309 გვ. ; _b22 სმ. |
||
| 520 | _aრეზუმე რუსულ ენაზე. | ||
| 653 | _aსაქართველოს ეკონომიკა | ||
| 942 |
_2udc _cBK |
||